| 000 | 01249nam a22002177a 4500 | ||
|---|---|---|---|
| 999 |
_c12777 _d12777 |
||
| 003 | AR-CdUCM | ||
| 008 | 190410b ||||| |||| 00| 0 spa d | ||
| 040 |
_aMUNICIPALIDAD PROVINCIAL DEL CUSCO _cBIBLIOTECA MUNICIPAL DEL CUSCO |
||
| 082 |
_a869.5009 / _bA91 |
||
| 100 |
_aAvendaño, Angel _9875 |
||
| 245 |
_aHistoria de la literatura del Qosqo : _bdel tiempo mítico al siglo XX / |
||
| 260 |
_aQosqo : _bMunicipalidad del Qosqo, _c1993. |
||
| 300 |
_a3 tomos ; _bFotografías, _c26 cm. |
||
| 505 | _aContenido parcial: t.1. Paisajes y hombres - Qosqo en su literatura - Poesía quechua inka - Narración prehispánica - Teatro quechua - El inka Garcilaso de la Vega - Francisco de Avila - Juan Espinoza Medrano. -Crónica Virreinal. Apu Ollantay - Narciso Aréstegui - Clorinda Matto de Turner -- t.2. Literatura del siglo XX en el Qosqo - Narradores del veinte - Profesores escritores. Poetas profesores - Narración indigenista - Periodismo - Historiadores - Generación del setenta - Ciencias sociales y qosqorunismo -- t.3. Antología. | ||
| 650 |
_aLiteratura peruana _9169 |
||
| 650 |
_aCusco _9772 |
||
| 650 |
_aHistoria y crítica _95993 |
||
| 710 |
_aMunicipalidad del Qosqo _96414 |
||
| 942 |
_2ddc _cLIBROS |
||
| 945 |
_adavv _d10/04/2019 |
||